Piłkarze Zagłębia Lubin - nagła śmierć - Statystyki

Ogólne statystyki
  • Ten quiz został rozwiązany 40 razy
  • Średni wynik to 5 z 20
Answers on the Grid
Answers color-coded by a green-red scale on the quiz's grid according to % correct below.
Jakub Tosik
Kamil Drygas
Kamil Wilczek
Miroslav Covilo
Manuel Arboleda
Arkadiusz Piech
Jakub Żubrowski
Maciej Jankowski
Patryk Szysz
Dominik Kun
Michał Gliwa
Dawid Kocyła
Mateusz Młyński
Dariusz Żuraw
Mariusz Jop
Marek Kozioł
Szymon Żurkowski
Igor Sapała
Krystian Getinger
Dariusz Dudka
Samuel Mráz
Marcin Robak
Łukasz Łakomy
Adam Kokoszka
Artur Siemaszko
Łukasz Sekulski
Mateusz Matras
Łukasz Tymiński
Marcel Wędrychowski
Wojciech Łobodziński
Igor Orlikowski
Saša Balić
Mikołaj Biegański
Mariusz Lewandowski
Kamil Broda
Igor Lewczuk
Rafał Leszczyński
Igor Drapiński
Jakub Szmatuła
Miłosz Piekutowski
 
Statystyki odpowiedzi
Odpowiedź % Poprawnych
Jakub Tosik
67%
Patryk Szysz
54%
Saša Balić
38%
Łukasz Łakomy
33%
Arkadiusz Piech
29%
Igor Orlikowski
29%
Kamil Wilczek
29%
Manuel Arboleda
29%
Artur Siemaszko
21%
Dariusz Żuraw
21%
Jakub Żubrowski
21%
Mariusz Lewandowski
21%
Mateusz Matras
21%
Michał Gliwa
21%
Wojciech Łobodziński
21%
Samuel Mráz
17%
Jakub Szmatuła
4%
Krystian Getinger
4%
Marek Kozioł
4%
Igor Lewczuk
0%
Nie znaleziono quizów pasujących do podanych kryteriów
Rozkład punktacji
Procent ludzi z każdym wynikiem
Percentyl według liczby udzielonych odpowiedzi
Twoja historia wyników
Nie rozwiązałeś tego quizu